| 000 | 00379nam a2200157Ia 4500 | ||
|---|---|---|---|
| 008 | 151213s9999 xx 000 0 und d | ||
| 100 | _aBuckett | ||
| 245 |
_aWaiting For Godot _cBuckett |
||
| 250 | _a1st | ||
| 260 |
_aNew Delhi _bRama Brothers _c1987 |
||
| 300 | _a4897 p. | ||
| 650 | _aEnglish Literature | ||
| 650 | _aEnglish Literature | ||
| 700 | _aBuckett | ||
| 999 |
_c3079 _d3079 |
||